00334nam a2200121Ia 4500008004100000041001200041082001600053100001700069245006900086260001500155510002200170650002000192231221s9999 xx 000 0 und d aEnglish a025.04 JAC aJacso, Peter 4aThe Joint Conference on Digital Libraries [e resource : article] cSept, 2001 aInformation Today aDigital Library